000 00305nam a22001097a 4500
999 _c2733
_d2733
005 20200923134724.0
008 200923b ||||| |||| 00| 0 eng d
040 _cCML
245 _aHeat.
_cEfron, A.
260 _aNew York
_bJohn F. Rider Publisher, Inc.
_c1957
942 _2ddc
_cBK
_h536
_mEFR